000 00775nam a2200289Ia 4500
005 20260324142939.0
008 008 260324s9999 xx 000 0 eng d
020 _a9780203057988
037 _aEBOOK
040 _aCRL
040 _beng
040 _cCRL
041 _2eng
041 _aeng
084 _qCRL
100 _aThomas C Mawhinney
_91213828
245 0 _aOrganizational Culture, Rule-Governed Behavior and Organizational Behavior Management
245 0 _bTheoretical Foundations and Implications for Research and Practice
260 _bTaylor and Francis
260 _c1993
365 _a
365 _b240
856 _uhttp://www.taylorfrancis.com/books/9780203057988
942 _cEBOOK
999 _c1818631
_d1818631